Estadísticas para Honores futbolísticos en España

Haz click aquí para intentar la prueba.

Estadísticas generales

  • Esta prueba ha sido intentada 476 veces
  • La puntuación promedio es 11 de 14

Estadísticas de respuestas

Club% Correcto
FC Barcelona
100%
Real Madrid
100%
Atlético de Madrid
99%
Athletic Club
97%
Sevilla FC
97%
Valencia CF
97%
Real Betis
95%
Real Sociedad
90%
Deportivo de La Coruña
87%
Real Zaragoza
68%
RCD Espanyol
64%
Real Unión Club
51%
RCD Mallorca
47%
Arenas Club
29%

Distribución de puntuación

Porcentaje por número respondido

Porcentaje de gente con cada puntuación

Historial de tus puntuaciones

No has intentado esta prueba.